| 000 | 00985nam a2200241Ia 4500 | ||
|---|---|---|---|
| 003 | GCL | ||
| 005 | 20240530104440.0 | ||
| 008 | 140319s9999 xx 000 0 ara d | ||
| 020 | _a977215188 | ||
| 040 |
_aGCL / _cGCL |
||
| 082 | 0 | 4 |
_a155.926 _bط ع |
| 100 | 1 | _aطريف شوقى فرج | |
| 245 | 1 | 0 |
_aعلم النفس ومشكلات الصناعة / _cطريف شوقى فرج ؛ عبدالمنعم شحاته محمود ؛ ابراهيم شوقى عبدالحميد |
| 260 |
_aالقاهرة : _bدار غريب للطباعة والنشر والتوزيع ، _c1996 |
||
| 300 |
_a375 ص : _bصور ؛ _c24سم |
||
| 650 | 0 | 4 | _aعلم النفس |
| 650 | 0 | 4 | _aالمشاكل الاقتصادية |
| 650 | 0 | 4 | _aعلم النفس - الصناعى |
| 650 | 0 | 4 | _aالمشكلات الاقتصادية |
| 700 | 1 |
_aعبدالمنعم شحاته محمود _eمؤلف مشارك |
|
| 700 | 1 |
_aابراهيم شوقى عبدالحميد _eمؤلف مشارك |
|
| 942 |
_2ddc _cBK |
||
| 999 |
_c47766 _d47766 |
||